000 00398cam a22001457a 4500
008 180718b1945 xxu||||| |||| 00| 0 eng d
082 _aD71 T382
100 _aThomson, David
245 _aPatterns of peacemaking
_cby David Thomson
260 _aLondon
_bKegan Paul
_c1945
300 _aviii, 399p
650 _aWorld War, 1939-1945 --Peace
650 _aInternational relations
650 _aPeace
999 _c425575
_d425575